Biblioteca

Healing in the Bible : (Registro nro. 46901)

Detalles MARC
000 -LÍDER
Campo fijo de descripción fija 013460000a22002650004500
001 - NÚMERO DE CONTROL
Campo de control 20550
003 - IDENTIFICADOR DEL NÚMERO DE CONTROL
Campo de control CO-MdFUSB
005 - FECHA Y HORA DE LA ULTIMA TRANSACCIÓN
control field 20180622165149.0
008 - ELEMENTOS DE LONGITUD FIJA -- INFORMACIÓN GENERAL
Campo fijo de descripción fija -- Información general 160907b xxu||||| |||| 00| 0 eng d
020 ## - NÚMERO INTERNACIONAL NORMALIZADO PARA LIBROS
Número Internacional Normalizado del libro 978-0-8010-3101-4
040 ## - FUENTE DE CATALOGACIÓN
Agencia de catalogación original CO-MdFUSB
Idioma de catalogación Español
Agencia que realiza la transcripción CO-MdFUSB
Agencia que realiza la modificación CO-MdFUSB
041 ## - CÓDIGO DE IDIOMA
Código de idioma para texto/pista de sonido o título separado eng
082 ## - NÚMERO DE CLASIFICACIÓN DECIMAL DEWEY
Número de la edición del Dewey 24
Número de clasificación G 234.131
Clave de autor-Numero de item G144h
100 1# - ASIENTO PRINCIPAL--NOMBRE PERSONAL
Nombre personal Gaiser, Frederick J.
245 10 - TÍTULO
Título del Material Healing in the Bible :
Parte restante del título - Subtitulo Theological insight for Christian ministry /
Mención de responsabilidad, etc. Frederick J. Gaiser
264 ## - PRODUCCIÓN, PUBLICACIÓN, DISTRIBUCIÓN, MANUFACTURA, Y COPYRIGHT
Lugar de producción, publicación, distribución, manufactura Grand Rapids, Michigan :
Nombre del productor, publicador, distribuidor Baker Academic,
Fecha de producción, publicación, distribución, manufactura, o copyright 2010
300 ## - DESCRIPCIÓN FÍSICA
Extensión 276 páginas
336 ## - TIPO DE CONTENIDO
Fuente rdacontent
Término de tipo de contenido texto
Código de tipo de contenido txt
337 ## - TIPO DE MEDIO
Fuente rdamedia
Nombre del tipo de medio sin mediación
Código del tipo de medio n
338 ## - TIPO DE SOPORTE
Fuente rdacarrier
Nombre del tipo de soporte volumen
Código Tipo de soporte nc
500 ## - NOTA GENERAL
Nota General Incluye índices (p. 261-276)<br/>Rústico
501 ## - NOTA DE “CON”
Nota de Contenido El testigo primordial del Salmo 6 - El Dios de la curación - Sanación y cultura - Sanación y oración - El costo de la curación - Reflexión sobre la enfermedad - La comunidad de sanación - El lugar de curación en la teología bíblica - La curación, la medicina, la sabiduría humana y Dios - Jesús y los demonios - ¿Jesús el chamán? - La curación y el tacto - Curación, salvación y cura – La enfermedad y el pecado - Curación en el nombre de Jesús - Curación bajo el signo de la cruz - Curación en la Biblia
653 ## - TÉRMINO DE INDIZACIÓN - NO CONTROLADO
Término no controlado Sanación - curación
942 ## - TIPO DE MATERIAL (KOHA)
Tipo de Item KOHA Libros General
Existencias
Estado de Material Estado de Perdido Forma de Clasificación Estado de Dañado No para Préstamo Colección Tomo Biblioteca de Origen Biblioteca Permanente Fecha de Adquisición Total de Préstamos Signatura Topográfica Código de Barras Última vez visto Ejemplar/Existencia Fecha de Remplazo Tipo de Material
    Dewey Decimal Classification     Colección General   Biblioteca FUSBC Biblioteca FUSBC 31/07/2015   G 234.131 G144h 20326 12/02/2025 Ej. 1 26/01/2016 Libros General

Biblioteca FUSBC | Teléfono: (57+4) 349 88 10 Ext. 141| WhatsApp (+57) 3005338115 
E-mail: biblioteca@unisbc.edu.co | Calle 76 87-14 Robledo Palenque, Medellín, Colombia

Con tecnología Koha